LEADER 00477oam 2200169z- 450 001 9910717455003321 035 $a(CKB)4950000000071024 035 $a(EXLCZ)994950000000071024 100 $a20231017c2018uuuu -u- - 101 0 $aeng 200 10$aEbola: Democratic Republic of Congo (IN10917) [2018] 210 $aWashington, D.C 517 $aEbola 906 $aBOOK 912 $a9910717455003321 996 $aEbola: Democratic Republic of Congo (IN10917)$93329406 997 $aUNINA